Câu hỏi và bài tập hoá học vô cơ : Phần Kim loại : Sách dùng cho sinh viên các trường đại học và cao đẳng, giáo viên THPT, THCS chuyên ngành Hoá...

Nội dung tài liệu gồm các câu hỏi, bài tập và lời giải về kim loại, các nguyên tố nhóm kim loại kiềm, kiềm thổ, nhóm Gali - Indi - Tali, Gecmani - Thiếc - Chì, Đồng - Bạc - Vàng, Kẽm - Cađimi - Thuỷ ngân...

保存先:
書誌詳細
第一著者: Nguyễn Đức Vận
その他の著者: Nguyễn Huy Tiến
フォーマット: 図書
言語:Vietnamese
出版事項: H. Khoa học và Kỹ thuật 2013
主題:
タグ: タグ追加
タグなし, このレコードへの初めてのタグを付けませんか!
Thư viện lưu trữ: Thư viện Trường Đại học Nam Cần Thơ
LEADER 01427aam a22002178a 4500
001 NCT_4407
008 130319s2013 ||||||viesd
999 |c 222  |d 222 
020 |c 180000 
082 0 4 |2 23rd ed.  |a 546  |b V121 
100 1 |a Nguyễn Đức Vận 
245 1 0 |a Câu hỏi và bài tập hoá học vô cơ :  |b Phần Kim loại : Sách dùng cho sinh viên các trường đại học và cao đẳng, giáo viên THPT, THCS chuyên ngành Hoá...  |c Nguyễn Đức Vận, Nguyễn Huy Tiến 
260 |a H.  |b Khoa học và Kỹ thuật  |c 2013 
300 |a 327tr.  |b hình vẽ, bảng  |c 27cm 
520 3 |a Nội dung tài liệu gồm các câu hỏi, bài tập và lời giải về kim loại, các nguyên tố nhóm kim loại kiềm, kiềm thổ, nhóm Gali - Indi - Tali, Gecmani - Thiếc - Chì, Đồng - Bạc - Vàng, Kẽm - Cađimi - Thuỷ ngân... 
653 |a Công nghệ Kỹ thuật hóa học 
700 1 |a Nguyễn Huy Tiến 
942 |2 ddc  |c BK 
952 |0 0  |1 0  |2 ddc  |4 0  |6 546_000000000000000_V121  |7 0  |9 2005  |a 000001  |b 000001  |d 2017-10-24  |o 546 V121  |p MD.01418  |r 2017-10-24  |v 180000.00  |w 2017-10-24  |y BK 
952 |0 0  |1 0  |2 ddc  |4 0  |6 546_000000000000000_V121  |7 0  |9 2006  |a 000001  |b 000001  |d 2017-10-24  |o 546 V121  |p MD.01419  |r 2017-10-24  |v 180000.00  |w 2017-10-24  |y BK 
980 |a Thư viện Trường Đại học Nam Cần Thơ